| 000 | 00611nam a2200241Ia 4500 | ||
|---|---|---|---|
| 008 | 190123s9999 xx 000 0 und d | ||
| 020 | _a9780590848534 | ||
| 050 | _bR994 1997 | ||
| 100 | _aRylant, Cynthia | ||
| 245 | 0 | _aPoppleton everyday / | |
| 245 | 0 | _cby Mark Teague ; illustrated by Mark Teague. | |
| 260 | _aNew York, New York : | ||
| 260 | _bScholastic, | ||
| 260 | _c1997 | ||
| 300 | _a48 pages : | ||
| 300 | _bcolored illustrations ; | ||
| 300 | _c23cm. | ||
| 500 | _a250L | ||
| 650 | _aPoppleton (Fictitious character). | ||
| 650 | _aStars. | ||
| 650 | _aSwine. | ||
| 700 | _aTitle. | ||
| 999 |
_c361000 _d361000 |
||